| Tag |
First Indicator |
Second Indicator |
Subfields |
| LEADER |
00000cam a2200000 a 4500 |
| 001 |
in00001342839 |
| 005 |
20151005095738.0 |
| 008 |
961121s1996 gw a b 101 0 eng |
| 010 |
|
|
|a 96051633
|
| 020 |
|
|
|a 3540620958 (softcover : alk. paper)
|
| 035 |
|
|
|a (OCoLC)36011747
|
| 035 |
|
|
|9 AHE8998AM
|
| 040 |
|
|
|a DLC
|c DLC
|d TXA
|d UtOrBLW
|
| 049 |
|
|
|a TXAM
|
| 050 |
0 |
0 |
|a QA76.58
|b .P35 1996
|
| 082 |
0 |
0 |
|a 004/.35
|2 21
|
| 111 |
2 |
|
|a PARA '96
|n (3rd :
|d 1996 :
|c Lyngby, Denmark)
|
| 245 |
1 |
0 |
|a Applied parallel computing :
|b industrial computation and optimization : Third International Workshop, PARA '96, Lyngby, Denmark, August 18-21, 1996 : proceedings /
|c Jerzy Waśniewski [and others].
|
| 264 |
|
1 |
|a Berlin ;
|a New York :
|b Springer,
|c [1996]
|
| 264 |
|
4 |
|c ©1996
|
| 300 |
|
|
|a xiii, 722 pages :
|b illustrations ;
|c 24 cm.
|
| 336 |
|
|
|a text
|b txt
|2 rdacontent
|
| 337 |
|
|
|a unmediated
|b n
|2 rdamedia
|
| 338 |
|
|
|a volume
|b nc
|2 rdacarrier
|
| 490 |
1 |
|
|a Lecture notes in computer science ;
|v 1184
|
| 504 |
|
|
|a Includes bibliographical references and index.
|
| 650 |
|
0 |
|a Parallel processing (Electronic computers)
|v Congresses.
|
| 700 |
1 |
|
|a Waśniewski, Jerzy,
|d 1931-
|
| 830 |
|
0 |
|a Lecture notes in computer science ;
|v 1184.
|
| 999 |
|
|
|a MARS
|
| 999 |
f |
f |
|s eac0b53f-07e0-3b39-9129-fc50fe67a860
|i 8e2115f6-b613-32a3-bd0a-6f6ecfdca612
|t 0
|
| 952 |
f |
f |
|p ric
|a Texas A&M University
|b Rellis Campus
|c Joint Library Facility
|d Remote Storage
|t 0
|e QA76.58 .P35 1996
|h Library of Congress classification
|i unmediated -- volume
|m A14820740083
|
| 998 |
f |
f |
|a QA76.58 .P35 1996
|t 0
|l Remote Storage
|